[Event "Challenge"]
[Site "http://www.queenalice.com/game.php?id=857349"]
[Date "2010.11.10"]
[Round "-"]
[White "CrazyPoet"]
[Black "Fischercat"]
[Result "1-0"]
[WhiteElo "1875"]
[BlackElo "1786"]

1. e4 e5 2. Nf3 d5 3. exd5 Bd6 4. Nc3 Nf6 5. Bb5+ Bd7 6. d4 c6 7. dxc6 bxc6 8.
dxe5 Bxe5 9. Nxe5 cxb5 10. Bg5 h6 11. Bxf6 Qxf6 12. Nxd7 Nxd7 13. Qe2+ Qe5 14.
Rd1 Qxe2+ 15. Kxe2 b4 16. Nd5 O-O 17. Nxb4 Ne5 18. Nd3 Ng6 19. Rhe1 Nh4 20. Kf1
Rac8 21. Re4 Nf5 22. c4 Rfd8 23. b3 Rc7 24. Re2 Rc6 25. Nb2 1-0

[Event "Challenge"]
[Site "http://www.queenalice.com/game.php?id=857351"]
[Date "2010.11.10"]
[Round "-"]
[White "Fischercat"]
[Black "CrazyPoet"]
[Result "0-1"]
[WhiteElo "1891"]
[BlackElo "1862"]

1. e4 Nf6 2. Nc3 e5 3. Bd3 Bc5 4. b3 d5 5. exd5 O-O 6. Ne4 Bd4 7. c3 Nxe4 8.
Bxe4 Bxf2+ 9. Kxf2 Qh4+ 10. Ke3 Qf4+ 11. Kd3 Nd7 12. b4 a5 13. Qf3 Nf6 14. Qxf4
exf4 15. Bf3 Bf5+ 16. Kc4 a4 17. d4 b5+ 18. Kxb5 Bd3+ 19. Kc6 Ra6+ 20. Kxc7 Ne8+
0-1

[Event "D66"]
[Site "http://www.queenalice.com/game.php?id=864060"]
[Date "2010.11.26"]
[Round "-"]
[White "AdV1"]
[Black "CrazyPoet"]
[Result "0-1"]
[WhiteElo "1974"]
[BlackElo "1841"]

1. e4 e5 2. Nf3 Nc6 3. Bc4 b6 4. d3 Bb7 5. Ng5 Nh6 6. O-O Qe7 7. Nc3 O-O-O 8.
Nd5 Qd6 9. Be3 f6 10. Nf3 Be7 11. Qe2 Ng4 12. d4 exd4 13. Nxd4 Qxh2# 0-1

[Event "SGP"]
[Site "http://www.queenalice.com/game.php?id=864061"]
[Date "2010.11.26"]
[Round "-"]
[White "CrazyPoet"]
[Black "AdV1"]
[Result "1-0"]
[WhiteElo "1851"]
[BlackElo "1939"]

1. c4 c5 2. Nc3 Nc6 3. g3 Nf6 4. Bg2 g6 5. e3 d6 6. Nge2 Bg7 7. d4 cxd4 8. Nxd4
Bd7 9. b3 Qc8 10. Bb2 O-O 11. O-O Bh3 12. Rc1 Bh6 13. Nd5 Nxd4 14. Bxd4 Nxd5 15.
cxd5 Qf5 16. Bxh3 Qxh3 17. Rc7 e5 18. dxe6 Qxe6 19. Rxb7 a5 20. Qd2 1-0

[Event "Challenge"]
[Site "http://www.queenalice.com/game.php?id=894154"]
[Date "2011.2.1"]
[Round "-"]
[White "alexcesarfe"]
[Black "CrazyPoet"]
[Result "0-1"]
[WhiteElo "1625"]
[BlackElo "1870"]

1. e4 Nf6 2. d3 g6 3. Bg5 Bg7 4. Bxf6 Bxf6 5. c3 O-O 6. h4 Nc6 7. h5 d5 8. exd5
Qxd5 9. hxg6 fxg6 10. Be2 Be6 11. Bf3 Qb5 12. Qe2 Bf7 13. Bxc6 Qxc6 14. f3 Rad8
15. Nh3 Rd6 16. d4 Re6 17. Qxe6 Bxe6 18. O-O Bxh3 19. gxh3 Qd6 20. Nd2 Qg3+ 21.
Kh1 Qxh3+ 22. Kg1 Bg5 23. Rad1 Be3+ 24. Rf2 Qg3+ 25. Kh1 Bxf2 26. Ne4 Qh3# 0-1

[Event "Challenge"]
[Site "http://www.queenalice.com/game.php?id=907531"]
[Date "2011.3.2"]
[Round "-"]
[White "dutchgalego"]
[Black "CrazyPoet"]
[Result "1-0"]
[WhiteElo "2049"]
[BlackElo "1864"]

1. e4 e6 2. d4 d5 3. e5 c5 4. c3 Nc6 5. Nf3 Bd7 6. Be3 cxd4 7. cxd4 Nge7 8. Bd3
Nb4 9. O-O Nec6 10. a3 Nxd3 11. Qxd3 Be7 12. b4 Qb6 13. Rd1 O-O 14. Nc3 Rfc8 15.
Rac1 a5 16. b5 Na7 17. a4 Bb4 18. Ne2 Rxc1 19. Rxc1 Nc8 20. Ng5 g6 21. Nf4 Qd8
22. Nh5 Be7 23. h4 Nb6 24. Nf6+ Bxf6 25. exf6 Nc4 26. h5 Rc8 27. hxg6 hxg6 28.
Bf4 Qxf6 29. g3 e5 30. dxe5 Nxe5 31. Rxc8+ Bxc8 32. Qxd5 Ng4 33. Qc4 Be6 34.
Nxe6 Qxe6 35. Qxe6 fxe6 36. Bc7 Nf6 37. Bxa5 Nd5 38. f4 Kf7 39. Kf2 Ke7 40. Kf3
1-0

[Event "AUTO-OPEN-2355"]
[Site "http://www.queenalice.com/game.php?id=935504"]
[Date "2011.5.8"]
[Round "1"]
[White "clovis"]
[Black "CrazyPoet"]
[Result "1-0"]
[WhiteElo "1988"]
[BlackElo "1887"]

1. e4 Nf6 2. Nc3 e5 3. Bc4 Nxe4 4. Nxe4 d5 5. Bd3 dxe4 6. Bxe4 f5 7. Bd3 Nc6 8.
Bb5 Bd7 9. d3 a6 10. Bc4 Qf6 11. Nf3 Bc5 12. O-O 1-0

[Event "AUTO-OPEN-2355"]
[Site "http://www.queenalice.com/game.php?id=935505"]
[Date "2011.5.8"]
[Round "1"]
[White "CrazyPoet"]
[Black "clovis"]
[Result "0-1"]
[WhiteElo "1875"]
[BlackElo "2000"]

1. d4 d5 2. c4 c6 3. Nf3 Nf6 4. Qc2 e6 5. g3 Bb4+ 6. Nc3 O-O 7. cxd5 exd5 8. Bg2
Ne4 9. O-O Bxc3 10. bxc3 Bf5 11. Qb3 b5 12. Ne5 Qc7 13. Ba3 Nd2 14. Qb4 Na6 0-1

[Event "AUTO-OPEN-2355"]
[Site "http://www.queenalice.com/game.php?id=935522"]
[Date "2011.5.8"]
[Round "1"]
[White "CrazyPoet"]
[Black "CocorickO"]
[Result "0-1"]
[WhiteElo "1887"]
[BlackElo "1694"]

1. Nf3 Nc6 2. d4 d5 3. Bf4 Nf6 4. e3 e6 5. Bd3 Bd6 6. Bg3 Ng4 7. Nbd2 Bxg3 8.
hxg3 Nb4 9. Be2 O-O 10. c3 Nc6 11. Bd3 e5 0-1

[Event "AUTO-OPEN-2355"]
[Site "http://www.queenalice.com/game.php?id=935523"]
[Date "2011.5.8"]
[Round "1"]
[White "CocorickO"]
[Black "CrazyPoet"]
[Result "1-0"]
[WhiteElo "1739"]
[BlackElo "1887"]

1. e4 Nf6 2. d3 d5 3. e5 Nfd7 4. Qe2 e6 5. Nf3 Nc6 6. d4 Ne7 7. Bg5 c5 8. c3
cxd4 9. Nxd4 Qb6 10. b4 Ng6 11. f4 h6 12. f5 1-0

[Event "AUTO-ADV-2597"]
[Site "http://www.queenalice.com/game.php?id=1096034"]
[Date "2012.8.24"]
[Round "1"]
[White "UKopra"]
[Black "CrazyPoet"]
[Result "1-0"]
[WhiteElo "1888"]
[BlackElo "1831"]

1. d4 e6 2. c4 f5 3. g3 Nf6 4. Bg2 Be7 5. Nf3 O-O 6. O-O d5 7. b3 c6 8. Ba3 Bxa3
9. Nxa3 Qe7 10. Qc1 Nbd7 11. Qb2 dxc4 12. bxc4 Nb6 13. c5 Nbd5 14. Ne5 b6 15.
Nxc6 Qc7 16. Bxd5 Nxd5 17. Nb4 bxc5 18. Nxd5 exd5 19. dxc5 Qxc5 20. Rac1 Qb6 21.
Qd2 f4 22. Qxd5+ Be6 23. Qd2 fxg3 24. hxg3 Rad8 25. Qc2 Rc8 26. Qd2 Rfd8 27.
Rxc8 Rxc8 28. Rb1 Qc5 29. Nb5 a6 30. Nd4 Qd5 31. Rb2 Rd8 32. e3 Bh3 33. f3 Be6
34. Kf2 1-0

[Event "AUTO-ADV-2597"]
[Site "http://www.queenalice.com/game.php?id=1096035"]
[Date "2012.8.24"]
[Round "1"]
[White "CrazyPoet"]
[Black "UKopra"]
[Result "0-1"]
[WhiteElo "1819"]
[BlackElo "1825"]

1. e4 c5 2. Nf3 d6 3. d4 cxd4 4. Nxd4 Nf6 5. Nc3 a6 6. Bf4 e5 7. Bc4 exf4 8. Qd2
b5 9. Bb3 b4 10. Nd5 a5 11. Qxf4 Be7 12. O-O-O Bb7 13. Nxe7 Qxe7 14. Nb5 Nxe4
15. f3 Bc6 16. Rhe1 O-O 17. Nxd6 g5 18. Rxe4 Bxe4 19. Qxe4 Qxe4 20. Nxe4 h6 21.
c3 Nc6 0-1

[Event "AUTO-ADV-2597"]
[Site "http://www.queenalice.com/game.php?id=1096046"]
[Date "2012.8.24"]
[Round "1"]
[White "jwb"]
[Black "CrazyPoet"]
[Result "0-1"]
[WhiteElo "1623"]
[BlackElo "1836"]

1. c4 e5 2. e4 Bc5 3. Nf3 Nc6 4. b3 d6 5. Bb2 Be6 6. d4 exd4 7. Nxd4 Qf6 8. f3
Nxd4 9. Na3 Nxf3+ 10. gxf3 Qxb2 11. Nb5 Qf2# 0-1

[Event "AUTO-ADV-2597"]
[Site "http://www.queenalice.com/game.php?id=1096047"]
[Date "2012.8.24"]
[Round "1"]
[White "CrazyPoet"]
[Black "jwb"]
[Result "0-1"]
[WhiteElo "1843"]
[BlackElo "1642"]

1. e4 Nc6 2. Nf3 e5 3. Bb5 d6 4. d4 exd4 5. Qxd4 a6 6. Bxc6+ bxc6 7. Nbd2 Nf6 8.
O-O c5 9. Qc3 d5 10. exd5 Bd6 11. Re1+ Kf8 0-1

[Event "AUTO-ADV-2597"]
[Site "http://www.queenalice.com/game.php?id=1096054"]
[Date "2012.8.24"]
[Round "1"]
[White "CrazyPoet"]
[Black "clovis"]
[Result "1-0"]
[WhiteElo "1803"]
[BlackElo "1989"]

1. g3 d5 2. Bg2 Nf6 3. Nf3 Bf5 4. O-O e6 5. d3 Bd6 6. Bg5 O-O 7. Nbd2 Nbd7 8. e4
dxe4 9. dxe4 Bg4 10. Re1 h6 11. Be3 Ne5 12. c3 Nh5 13. Qc2 f5 14. h3 Bxf3 15.
Nxf3 f4 16. Bd4 Nxf3+ 17. Bxf3 Nf6 18. e5 fxg3 19. exf6 gxf2+ 20. Qxf2 gxf6 21.
Rxe6 Be5 22. Bxe5 fxe5 23. Qg3+ Kf7 24. Qg6# 1-0

[Event "AUTO-ADV-2597"]
[Site "http://www.queenalice.com/game.php?id=1096055"]
[Date "2012.8.24"]
[Round "1"]
[White "clovis"]
[Black "CrazyPoet"]
[Result "0-1"]
[WhiteElo "1994"]
[BlackElo "1797"]

1. e4 Nf6 2. Nc3 e5 3. Bc4 Nxe4 4. Qh5 Nd6 5. Qxe5+ Qe7 6. Qxe7+ Bxe7 7. Bb3 Nc6
8. Nf3 b6 9. O-O Bb7 10. Nd5 O-O-O 11. Nxe7+ Nxe7 12. d3 Bxf3 13. gxf3 Nef5 14.
Bf4 Rhe8 15. Rfe1 f6 16. Kf1 Nd4 17. Bxd6 cxd6 18. Kg2 Kc7 19. Re4 Nxb3 20. axb3
a5 21. Rae1 Re6 22. Rxe6 dxe6 23. Rxe6 Rc8 24. Re7+ Kd8 25. Rxg7 Rxc2 26. Rxh7
Rxb2 27. h4 Rxb3 28. h5 Rb5 29. h6 Rh5 30. Rh8+ Ke7 31. h7 Kf7 32. Rd8 Rxh7 33.
Rxd6 b5 34. Rd5 Rg7+ 35. Kf1 Rg5 36. Rd6 Rf5 37. Ke2 Re5+ 38. Kd2 Kg6 39. d4 Rf5
40. Ke3 b4 41. Rc6 Rb5 42. Ke4 b3 43. Rc1 b2 44. Rb1 a4 45. d5 a3 46. d6 a2 47.
Rg1+ Kf7 0-1

[Event "AUTO-ADV-2660"]
[Site "http://www.queenalice.com/game.php?id=1115968"]
[Date "2012.10.25"]
[Round "1"]
[White "luizpessoa"]
[Black "CrazyPoet"]
[Result "0-1"]
[WhiteElo "1684"]
[BlackElo "1817"]

1. e4 c6 2. d4 d5 3. e5 c5 4. Bf4 cxd4 5. Qxd4 Nc6 6. Qa4 Bf5 7. Bb5 Qd7 8. Nf3
e6 9. Nc3 Bc5 10. b4 Bb6 11. O-O Nge7 12. Rfd1 O-O 13. Nd4 Rfc8 14. Nxf5 Nxf5
15. Bxc6 Qxc6 16. Qxc6 Rxc6 17. Na4 Rac8 18. Nxb6 Rxb6 19. a3 Rxc2 20. Rdc1 Rbc6
21. Rxc2 Rxc2 22. Rc1 Rxc1+ 23. Bxc1 b5 24. g3 f6 25. exf6 gxf6 26. g4 Nd6 27.
Bb2 Kf7 28. f4 Nc4 29. Bc1 e5 30. fxe5 fxe5 31. Kf2 e4 32. Be3 Nxe3 33. Kxe3 Kf6
34. Kd4 Kg5 35. Kxd5 e3 36. Kc5 e2 37. Kxb5 e1=Q 38. a4 Qc3 39. a5 Kxg4 40. Ka6
Qxb4 41. h3+ Kf5 42. h4 Ke6 43. h5 Kd6 44. h6 Kc7 45. Kxa7 Qxa5# 0-1